| 000 | 00901nam a2200181Ia 4500 | ||
|---|---|---|---|
| 008 | 090630s9999 xx 000 0 und d | ||
| 082 | _b21334 | ||
| 100 | _aकोपर्डेकर शरदचंद्र. | ||
| 245 |
_aश्रीदत्त महाराज कविश्वर विचारधन भाग 2. _cकोपर्डेकर शरदचंद्र. |
||
| 260 |
_bइंद्रायणी साहित्य. _c1999 |
||
| 300 | _a231 | ||
| 600 | _aकोपर्डेकर शरदचंद्र. | ||
| 630 | _aश्रीदत्त महाराज कविश्वर विचारधन भाग 2. | ||
| 655 | _aधार्मिक. | ||
| 700 | _aकोपर्डेकर शरदचंद्र. | ||
| 730 | _aश्रीदत्त महाराज कविश्वर विचारधन भाग 2. | ||
| 942 | _cBOOK | ||
| 999 |
_c273190 _d273190 |
||